Una sombra ya pronto seras (Registro nro. 18144)
[ vista simple ]
| 000 -LEADER | |
|---|---|
| fixed length control field | 00347 a2200121 4500 |
| 001 - CONTROL NUMBER | |
| control field | ART_12956 |
| 005 - DATE AND TIME OF LATEST TRANSACTION | |
| control field | 20260410161734.0 |
| 008 - FIXED-LENGTH DATA ELEMENTS--GENERAL INFORMATION | |
| fixed length control field | 260409a |
| 100 1# - MAIN ENTRY--PERSONAL NAME | |
| Personal name | Alemann, Roberto T. |
| 245 10 - TITLE STATEMENT | |
| Title | Una sombra ya pronto seras |
| 700 1# - ADDED ENTRY--PERSONAL NAME | |
| Personal name | Fraga, Rosendo |
| 773 0# - HOST ITEM ENTRY | |
| Title | Ejecutivos de finanzas |
| Related parts | - Año 8, Nº 77 (jul. 1991) |
| Record control number | REV2863 |
No hay ítems disponibles.